[Event "WYb18"]
[Site "Heraklio GRE"]
[Date "2002.11.23"]
[Round "10"]
[White "Schneider,Dm"]
[Black "Maiorov,N"]
[Result "1/2-1/2"]
[WhiteElo "2401"]
[BlackElo "2324"]
[EventDate "2002.11.15"]

1. e4 e5 2. Nf3 Nc6 3. Bb5 Nf6 4. d3 d6 5. c4 g6 6. Nc3 Bg7 7. h3 Nd7 8.
Bg5 f6 9. Be3 O-O 10. O-O f5 11. Bg5 Bf6 12. Bxf6 Nxf6 13. Re1 Nd4 14. Nxd4
exd4 15. Ne2 fxe4 16. Nxd4 exd3 17. Qxd3 Nh5 18. Qe3 Qf6 19. Ne6 Bxe6 20.
Qxe6+ Qxe6 21. Rxe6 Nf4 22. Re3 c6 23. Ba4 Rae8 24. Rae1 Kf7 25. h4 Rxe3
26. Rxe3 Ne6 27. Bd1 1/2-1/2

[Event "WYb18"]
[Site "Heraklio GRE"]
[Date "2002.11.23"]
[Round "10"]
[White "Husnutdinov,D"]
[Black "Werle,J"]
[Result "1/2-1/2"]
[WhiteElo "2346"]
[BlackElo "2434"]
[EventDate "2002.11.15"]

1. e4 e6 2. d4 d5 3. Nd2 Nf6 4. Bd3 c5 5. e5 Nfd7 6. c3 Nc6 7. Ne2 cxd4 8.
cxd4 f6 9. exf6 Nxf6 10. Nf3 Bd6 11. O-O Qc7 12. Bg5 O-O 13. Bh4 Nh5 14.
Qc2 h6 15. Bg6 Rxf3 16. gxf3 Bxh2+ 17. Kh1 Nf4 18. Ng3 Qb6 19. Rad1 Nxd4
20. Qa4 Bd7 21. Qxd7 Nxg6 22. Bf6 gxf6 23. Nh5 Qc7 24. Qxc7 Bxc7 25. Rxd4
Kf7 26. Rc1 Bd6 27. Kg2 Rg8 28. Kf1 Ne5 29. f4 Nc6 30. Rd3 Rg4 31. f5 Be5
32. fxe6+ Kxe6 33. Re1 1/2-1/2

[Event "WYb18"]
[Site "Heraklio GRE"]
[Date "2002.11.23"]
[Round "10"]
[White "Sadykov,R"]
[Black "Grachev,B"]
[Result "1-0"]
[WhiteElo "2400"]
[BlackElo "2489"]
[EventDate "2002.11.15"]

1. e4 c5 2. Nf3 d6 3. d4 cxd4 4. Nxd4 Nf6 5. Nc3 a6 6. Be3 e6 7. f3 b5 8.
g4 Bb7 9. Qd2 Nc6 10. O-O-O Ne5 11. g5 Nfd7 12. Bd3 Rc8 13. Kb1 Be7 14. h4
Nb6 15. Qe1 b4 16. Nce2 d5 17. Qg3 Nxd3 18. cxd3 g6 19. h5 Rg8 20. hxg6
hxg6 21. e5 Nd7 22. Rh7 Nf8 23. Rhh1 Nd7 24. f4 Nc5 25. Rh7 a5 26. Qh3 Ba6
27. Bf2 a4 28. f5 gxf5 29. g6 Rxg6 30. Nf4 Rg8 31. Rxf7 Nxd3 32. Nxd3 Bxd3+
33. Rxd3 Kxf7 34. Qh5+ Rg6 35. Nxe6 Rc1+ 36. Kxc1 Qc8+ 37. Bc5 Qxe6 38. Rg3
Kg7 39. Rxg6+ Qxg6 40. Qxg6+ Kxg6 41. Bxe7 b3 42. axb3 axb3 43. e6 d4 44.
Kd2 f4 45. Bh4 1-0

[Event "WYb18"]
[Site "Heraklio GRE"]
[Date "2002.11.23"]
[Round "10"]
[White "Carron,J"]
[Black "Jianu,V"]
[Result "1-0"]
[WhiteElo "2268"]
[BlackElo "2401"]
[EventDate "2002.11.15"]

1. d4 Nf6 2. c4 c5 3. d5 b5 4. Nd2 bxc4 5. e4 Bb7 6. Bxc4 e6 7. dxe6 fxe6
8. Qe2 Qa5 9. Ngf3 Bxe4 10. O-O Bb7 11. Ng5 Be7 12. Re1 Nc6 13. Bxe6 O-O-O
14. Nb3 Qa4 15. Bc4 Rhe8 16. Nf7 Bf8 17. Be3 Ne5 18. Nxd8 Kxd8 19. Rac1
Neg4 20. Qd2 Nxe3 21. Rxe3 Rxe3 22. Qxe3 d5 23. Bf1 d4 24. Qe5 Nd7 25. Qg5+
Be7 26. Qxg7 Qxa2 27. Qh8+ Kc7 28. Nxd4 Bf6 29. Nb5+ Kb6 30. Qxh7 Bc6 31.
Nc3 Qe6 32. Qd3 Bd4 33. Qa6+ Kc7 34. Nb5+ 1-0

[Event "WYb18"]
[Site "Heraklio GRE"]
[Date "2002.11.23"]
[Round "10"]
[White "Samakov,N"]
[Black "Cornette,M"]
[Result "0-1"]
[WhiteElo "2108"]
[BlackElo "2355"]
[EventDate "2002.11.15"]

1. d4 d5 2. Nf3 Nf6 3. Bg5 Ne4 4. Bh4 g6 5. e3 Bg7 6. Bd3 Nd6 7. Nbd2 Bf5
8. Bxf5 Nxf5 9. Bg3 Nxg3 10. hxg3 O-O 11. c3 c5 12. O-O b6 13. Re1 Nc6 14.
Qe2 Qd7 15. Rad1 cxd4 16. exd4 e6 17. Ne5 Nxe5 18. dxe5 Rfc8 19. g4 b5 20.
g5 Qe7 21. Qg4 a5 22. Re3 b4 23. c4 Rd8 24. Rde1 h6 25. gxh6 Bxh6 26. R3e2
Rac8 27. cxd5 Rxd5 28. Ne4 Rxe5 29. Nf6+ Qxf6 30. Rxe5 Bd2 31. Qe2 Bxe1 32.
Qxe1 Rc2 33. g3 Rxf2 34. Qxf2 Qxe5 35. b3 Qd5 36. Qf6 Qd1+ 37. Kg2 Qc2+ 38.
Kg1 Qb1+ 39. Kf2 Qf5+ 40. Qxf5 gxf5 0-1

[Event "WYb18"]
[Site "Heraklio GRE"]
[Date "2002.11.24"]
[Round "11"]
[White "Petrosian,TL"]
[Black "Werle,J"]
[Result "1-0"]
[WhiteElo "2324"]
[BlackElo "2434"]
[EventDate "2002.11.15"]

1. e4 e6 2. d4 d5 3. Nc3 Bb4 4. a3 Bxc3+ 5. bxc3 dxe4 6. Qg4 Nf6 7. Qxg7
Rg8 8. Qh6 Rg6 9. Qe3 b6 10. Bb2 Bb7 11. h3 Nbd7 12. Ne2 c5 13. c4 cxd4 14.
Nxd4 a6 15. a4 Rc8 16. g4 Qc7 17. Ra3 Ne5 18. Rc3 Qd7 19. g5 Ng8 20. a5
bxa5 21. Be2 a4 22. h4 Ne7 23. O-O h6 24. Rd1 Qc7 25. Nb5 axb5 26. cxb5 Qb8
27. Rxc8+ Qxc8 28. Bxe5 Nf5 29. Qf4 hxg5 30. hxg5 Qxc2 31. Bf6 1-0

[Event "WYb18"]
[Site "Heraklio GRE"]
[Date "2002.11.24"]
[Round "11"]
[White "Maiorov,N"]
[Black "Izoria,Z"]
[Result "1-0"]
[WhiteElo "2324"]
[BlackElo "2572"]
[EventDate "2002.11.15"]

1. d4 d6 2. Nf3 g6 3. c4 Bg7 4. g3 c5 5. Bg2 Nc6 6. d5 Na5 7. Nfd2 a6 8.
Nc3 Rb8 9. a4 Nf6 10. Qc2 O-O 11. b3 Bf5 12. e4 Bd7 13. Bb2 b5 14. axb5
axb5 15. Nd1 bxc4 16. bxc4 Rb4 17. Bc3 Qb6 18. Ra2 Ng4 19. Bxb4 cxb4 20.
Nb3 Nxf2 21. c5 dxc5 22. Rxa5 Nxh1 23. Qxc5 Qf6 24. Bxh1 Bh3 25. Qf2 Qe5
26. Qf4 Rc8 27. Qxe5 Bxe5 28. Kd2 Bf6 29. Bf3 Bf1 30. Bg4 Rc7 31. Rc5 Ra7
32. Na5 Kg7 33. Be2 Bh3 34. Kd3 b3 35. Nxb3 Ra3 36. Rb5 Bd7 37. Rb4 Ba4 38.
Kc4 Ra2 39. Bd3 Bd7 40. Nc5 Bh3 41. Rb7 Rxh2 42. e5 Bxe5 43. Rxe7 Bxg3 44.
Ne4 Bf4 45. d6 Kf8 46. Ra7 Be6+ 47. Kd4 Rh5 48. Bc4 Be5+ 49. Kc5 Bxd6+ 50.
Kxd6 Bxc4 51. Ndc3 Be6 52. Nc5 Rd5+ 53. Nxd5 1-0

[Event "WYb18"]
[Site "Heraklio GRE"]
[Date "2002.11.24"]
[Round "11"]
[White "Flumbort,A"]
[Black "Husnutdinov,D"]
[Result "1/2-1/2"]
[WhiteElo "2446"]
[BlackElo "2346"]
[EventDate "2002.11.15"]

1. d4 d5 2. c4 dxc4 3. Nf3 Nf6 4. e3 e6 5. Bxc4 c5 6. O-O a6 7. Bb3 cxd4 8.
exd4 Nc6 9. Nc3 Be7 10. Re1 O-O 11. a3 Na5 12. Bc2 b5 13. d5 Re8 14. Bg5
Nxd5 15. Nxd5 exd5 16. Qd3 g6 17. Rxe7 Rxe7 18. Qc3 Raa7 19. Qd4 Rac7 20.
Qh4 Qd6 21. Rd1 Qe6 22. h3 h6 23. Qxh6 f6 24. Nd4 Qf7 25. Bf4 Qg7 26. Bxg6
Qxh6 27. Bxh6 Nc4 1/2-1/2

[Event "WYb18"]
[Site "Heraklio GRE"]
[Date "2002.11.24"]
[Round "11"]
[White "Zivanic,M"]
[Black "Drabke,L"]
[Result "0-1"]
[WhiteElo "2426"]
[BlackElo "2374"]
[EventDate "2002.11.15"]

1. d4 d5 2. c4 c6 3. Nf3 Nf6 4. Nc3 dxc4 5. a4 Bf5 6. e3 e6 7. Bxc4 Bb4 8.
O-O O-O 9. Nh4 Nbd7 10. f3 Bg6 11. Nxg6 hxg6 12. e4 e5 13. dxe5 Nxe5 14.
Be2 Qb6+ 15. Kh1 Rad8 16. Qc2 Qc5 17. Bf4 Rd7 18. Bg3 Rfd8 19. Bf2 Qa5 20.
Rfd1 Bc5 21. Bg3 Bd4 22. Be1 Qc5 23. Rac1 Qe7 24. g3 Qe6 25. b3 Qh3 26. g4
Nxf3 27. Bg3 Nxh2 28. Bxh2 Be5 29. Bf1 Rxd1 30. Rxd1 Rxd1 0-1

[Event "WYb18"]
[Site "Heraklio GRE"]
[Date "2002.11.24"]
[Round "11"]
[White "Grachev,B"]
[Black "Lopez Silva,H"]
[Result "1-0"]
[WhiteElo "2489"]
[BlackElo "2348"]
[EventDate "2002.11.15"]

1. d4 Nf6 2. c4 e6 3. Nc3 c5 4. d5 exd5 5. cxd5 d6 6. e4 g6 7. Nge2 Bg7 8.
Ng3 a6 9. a4 O-O 10. Be2 Nbd7 11. O-O Rb8 12. Be3 Re8 13. Qd2 Qc7 14. Rfc1
c4 15. a5 b5 16. axb6 Nxb6 17. Bd4 h5 18. f3 Kh7 19. Nf1 Bh6 20. Be3 Bg7
21. Rab1 Rb7 22. b3 cxb3 23. Rxb3 Nc4 24. Rxb7 Bxb7 25. Nd1 Nxd2 26. Rxc7
Nxf1 27. Rxb7 Nxe3 28. Nxe3 Ra8 29. Nc4 a5 30. Nxd6 a4 31. Bc4 a3 32. Ba2
Ra5 33. Nc4 Rc5 34. d6 1-0

[Event "WYb16"]
[Site "Heraklio GRE"]
[Date "2002.11.15"]
[Round "1"]
[White "Selbes,T"]
[Black "Pixton,A"]
[Result "0-1"]
[WhiteElo "2160"]
[BlackElo "2443"]
[EventDate "2002.11.15"]

1. e4 c5 2. Nf3 d6 3. d4 cxd4 4. Nxd4 Nf6 5. Nc3 g6 6. Be3 Bg7 7. f3 O-O 8.
Qd2 Nc6 9. O-O-O Nxd4 10. Bxd4 Be6 11. g4 Qa5 12. Kb1 Rfc8 13. Nd5 Qxd2 14.
Rxd2 Nxd5 15. Bxg7 Nb4 16. a3 Nxc2 17. Bh6 Na1 18. Ba6 bxa6 19. Kxa1 Rab8
20. Re1 Rb3 21. Rf2 f6 22. h4 Rd3 23. Kb1 Bb3 24. Be3 Bd1 25. g5 Rc4 26.
gxf6 exf6 27. Rff1 Bc2+ 28. Ka1 Bb3 29. Rf2 Rxe3 0-1

[Event "WYb16"]
[Site "Heraklio GRE"]
[Date "2002.11.15"]
[Round "1"]
[White "Kharitonov,Alexa"]
[Black "Stativkin,D"]
[Result "1-0"]
[WhiteElo "2437"]
[BlackElo "2157"]
[EventDate "2002.11.15"]

1. d4 Nf6 2. c4 c5 3. d5 b5 4. Nd2 g6 5. e4 d6 6. cxb5 Bg7 7. Ngf3 O-O 8.
a4 a6 9. Ra3 e6 10. dxe6 Bxe6 11. Be2 d5 12. exd5 Nxd5 13. O-O axb5 14.
Bxb5 Qc7 15. Ne4 Rd8 16. Qe2 Nd7 17. Neg5 Bg4 18. Nxf7 Kxf7 19. Ng5+ Kg8
20. Qxg4 Ne5 21. Qe6+ Kh8 22. f4 1-0

[Event "WYb16"]
[Site "Heraklio GRE"]
[Date "2002.11.15"]
[Round "1"]
[White "Erdos,V"]
[Black "Vaznonis,V"]
[Result "0-1"]
[WhiteElo "2416"]
[BlackElo "2153"]
[EventDate "2002.11.15"]

1. d4 d5 2. c4 c6 3. Nf3 Nf6 4. Nc3 dxc4 5. a4 Bf5 6. Nh4 Bg6 7. Nxg6 hxg6
8. e3 e6 9. Bxc4 Bd6 10. Qb3 Qb6 11. Qc2 Nbd7 12. Bd2 a5 13. f4 Nd5 14. Ne4
Be7 15. O-O N7f6 16. Nf2 Rd8 17. Rac1 O-O 18. Ba2 Rc8 19. Nd3 Ne4 20. Nc5
Nxd2 21. Qxd2 Rfd8 22. Rfd1 Nb4 23. Bxe6 fxe6 24. Nxe6 Rd6 25. Nc5 Rd5 26.
Ne4 Re8 27. Nc3 Rdd8 28. Qe2 Bf6 29. Kh1 Qa6 30. Qf3 Qc4 31. Ne4 Qe6 32.
Nxf6+ gxf6 33. Qg3 Kg7 34. f5 Qxf5 35. Rf1 Qd7 36. Rc5 Nd5 37. Qf3 Rxe3 38.
Rxd5 Rxf3 39. Rxd7+ Rxd7 40. gxf3 Rxd4 41. b3 Rd3 42. Rb1 Rxf3 43. b4 b6
44. bxa5 bxa5 45. Rc1 Rf4 46. Rxc6 Rxa4 47. Ra6 Ra2 48. Kg1 g5 49. Kh1 Kg6
50. Ra8 a4 51. Ra5 f5 52. Kg1 g4 53. Ra8 Kg5 54. Ra7 Kf4 55. Ra5 a3 56. Kh1
g3 57. Kg1 g2 58. Rb5 Rb2 59. Ra5 a2 60. Ra4+ Kg5 61. h4+ Kh5 62. Kh2 Rb1
0-1

[Event "WYb16"]
[Site "Heraklio GRE"]
[Date "2002.11.15"]
[Round "1"]
[White "Feoktistov,D"]
[Black "Pakleza,Z"]
[Result "0-1"]
[WhiteElo "2132"]
[BlackElo "2382"]
[EventDate "2002.11.15"]

1. d4 c5 2. d5 e6 3. c4 exd5 4. cxd5 d6 5. Nc3 g6 6. e4 Bg7 7. Nf3 a6 8. a4
Bg4 9. Be2 Bxf3 10. Bxf3 Nd7 11. O-O Ne7 12. Be3 O-O 13. Qd2 f5 14. Rfe1
Ne5 15. Be2 Qd7 16. a5 Rae8 17. Rad1 Kh8 18. h3 Qd8 19. Ra1 fxe4 20. Nxe4
Nf5 21. Bg5 Qc7 22. f3 Nd4 23. Ra2 Rxf3 24. Be3 Nb3 25. Qc3 Ng4 26. Qxb3
Rxe3 27. Nc3 Bd4 28. Kh1 Nf2+ 29. Kh2 Qe7 30. Qa4 Qe5+ 31. Kg1 Nxh3+ 32.
Kh1 Nf2+ 33. Kg1 Ng4 0-1

[Event "WYb16"]
[Site "Heraklio GRE"]
[Date "2002.11.15"]
[Round "1"]
[White "Kuljasevic,D"]
[Black "Poliviou,E"]
[Result "1-0"]
[WhiteElo "2381"]
[BlackElo "2114"]
[EventDate "2002.11.15"]

1. d4 Nf6 2. Nf3 c5 3. d5 g6 4. Nc3 d6 5. e4 Nbd7 6. Be2 Bg7 7. O-O O-O 8.
h3 Ne8 9. Bg5 Nc7 10. Qd2 Re8 11. a4 b6 12. Bh6 Bh8 13. Ng5 f6 14. Ne6 Nxe6
15. dxe6 Nf8 16. Bc4 Bg7 17. Bxg7 Kxg7 18. Bb5 Nxe6 19. Bxe8 Qxe8 20. a5 b5
21. Nd5 b4 22. f4 Qd7 23. Qd3 Rb8 24. e5 dxe5 25. fxe5 f5 26. Rad1 Nd4 27.
Qc4 Qb5 28. Rxd4 cxd4 29. Qxd4 Rb7 30. e6+ Kg8 31. Nc7 Qxa5 32. Qd8+ Kg7
33. Ne8+ 1-0

[Event "WYb16"]
[Site "Heraklio GRE"]
[Date "2002.11.16"]
[Round "2"]
[White "Nasri,A"]
[Black "Pantsulaia,L"]
[Result "0-1"]
[WhiteElo "2235"]
[BlackElo "2450"]
[EventDate "2002.11.15"]

1. d4 Nf6 2. c4 c5 3. d5 e6 4. Nc3 exd5 5. cxd5 d6 6. e4 g6 7. f4 Bg7 8.
Bb5+ Nfd7 9. Bd3 O-O 10. Nf3 Na6 11. O-O Nc7 12. Re1 Re8 13. h3 Rb8 14. a4
a6 15. a5 b5 16. axb6 Nxb6 17. Be3 Nb5 18. Qd2 Nd7 19. Bf2 Qc7 20. Kh1 c4
21. Bc2 Nc5 22. e5 Bb7 23. Rad1 Rbd8 24. Bxc5 Qxc5 25. Ne4 Qc8 26. Nf6+
Bxf6 27. exf6 c3 28. Qf2 Rxe1+ 29. Qxe1 Re8 30. Qh4 Re2 31. Bd3 Re3 32. Ng5
h5 33. bxc3 Nxc3 34. Nxf7 Bxd5 35. Nxd6 Qxh3+ 0-1

[Event "WYb16"]
[Site "Heraklio GRE"]
[Date "2002.11.16"]
[Round "2"]
[White "Pixton,A"]
[Black "Meier,Geo"]
[Result "1-0"]
[WhiteElo "2443"]
[BlackElo "2181"]
[EventDate "2002.11.15"]

1. d4 e6 2. c4 b6 3. a3 f5 4. Nc3 Nf6 5. g3 c6 6. d5 cxd5 7. cxd5 Bb7 8.
Bg2 Na6 9. Bf3 e5 10. d6 e4 11. Bg2 Nc5 12. Nh3 a6 13. Nf4 Rc8 14. O-O Rc6
15. f3 Rxd6 16. Qc2 Be7 17. b4 Ne6 18. fxe4 Nd4 19. Qb1 Nxe4 20. Nxe4 fxe4
21. Bxe4 Qa8 22. Bxb7 Qxb7 23. Bb2 O-O 24. Bxd4 Rxd4 25. Qb3+ Kh8 26. Rad1
Qe4 27. Qf3 Qxf3 28. exf3 Bf6 29. Nd5 Rxd1 30. Rxd1 Bb2 31. Kg2 b5 32. Rd2
Bxa3 33. Ra2 Bc1 34. Rxa6 Rc8 35. Rb6 h6 36. Rxb5 Rc2+ 37. Kh3 Rd2 38. Rc5
Bb2 39. b5 Bd4 40. Rc7 Rb2 41. Rb7 Kg8 42. Rxd7 Bg1 43. Rb7 Rxh2+ 44. Kg4
Rd2 45. Rd7 Kf8 46. b6 Rb2 47. b7 Ba7 48. Kf5 g6+ 49. Kxg6 1-0

[Event "WYb16"]
[Site "Heraklio GRE"]
[Date "2002.11.16"]
[Round "2"]
[White "Divljan,I"]
[Black "Gerzhoy,L"]
[Result "0-1"]
[WhiteElo "2224"]
[BlackElo "2389"]
[EventDate "2002.11.15"]

1. d4 Nf6 2. c4 e6 3. Nc3 Bb4 4. e3 O-O 5. Bd3 c5 6. Nf3 d5 7. O-O Nc6 8.
a3 Bxc3 9. bxc3 dxc4 10. Bxc4 Qc7 11. Bd3 e5 12. Qc2 Re8 13. Nxe5 Nxe5 14.
dxe5 Qxe5 15. f3 Bd7 16. e4 c4 17. Be2 Qc5+ 18. Kh1 b5 19. Rd1 Be6 20. Rd4
a6 21. Be3 Qc7 22. Rad1 Nd7 23. f4 Nc5 24. Bf3 Nd3 25. e5 Rad8 26. Be4 Rxd4
27. cxd4 Qd7 28. Bxd3 cxd3 29. Qxd3 Bd5 30. f5 Rc8 31. Bg5 Qc6 32. Qg3 Qc2
33. Rg1 Qxf5 34. Bf6 Qg6 35. Qxg6 hxg6 36. Be7 Rc2 37. Bb4 g5 38. h3 Kh7
39. Kh2 Kg6 40. Kg3 Kh5 41. Kh2 Ra2 42. Bf8 a5 43. Bxg7 Rxa3 44. Rf1 Re3
45. Rf6 Re2 46. Kh1 Bxg2+ 47. Kg1 0-1

[Event "WYb16"]
[Site "Heraklio GRE"]
[Date "2002.11.16"]
[Round "2"]
[White "Pakleza,Z"]
[Black "Glud,J"]
[Result "1-0"]
[WhiteElo "2382"]
[BlackElo "2179"]
[EventDate "2002.11.15"]

1. d4 d5 2. c4 e6 3. Nc3 Be7 4. Nf3 Nf6 5. Bg5 O-O 6. e3 Nbd7 7. cxd5 exd5
8. Bd3 Re8 9. O-O c6 10. Qc2 Nf8 11. h3 Nh5 12. Bxe7 Qxe7 13. Rab1 Nf6 14.
b4 a6 15. a4 Be6 16. b5 cxb5 17. axb5 a5 18. Na4 Rec8 19. Qb2 N8d7 20. Rfc1
Qd6 21. Ne5 Nb6 22. Nc5 Rc7 23. f4 Ne8 24. Qc2 g6 25. f5 Bxf5 26. Bxf5 gxf5
27. Qxf5 Ng7 28. Qf3 f6 29. Ng4 Rf8 30. Ra1 Nc4 31. b6 Nxb6 32. Rxa5 h5 33.
Nf2 Nc4 34. Ra7 Qc6 35. Nfd3 Re8 36. Nb4 Qb6 37. Nxd5 Qxa7 38. Nxc7 1-0

[Event "WYb16"]
[Site "Heraklio GRE"]
[Date "2002.11.16"]
[Round "2"]
[White "Ianocichin,V"]
[Black "Kuljasevic,D"]
[Result "0-1"]
[WhiteElo "2221"]
[BlackElo "2381"]
[EventDate "2002.11.15"]

1. e4 c5 2. Nf3 Nc6 3. c3 e6 4. d4 d5 5. e5 cxd4 6. cxd4 Nh6 7. Bxh6 gxh6
8. Nc3 Bg7 9. Bd3 f6 10. O-O O-O 11. Re1 fxe5 12. dxe5 Bd7 13. Qb1 Rxf3 14.
gxf3 Nxe5 15. Be2 Qh4 16. Kh1 Ng4 17. fxg4 Be5 0-1

[Event "WYb16"]
[Site "Heraklio GRE"]
[Date "2002.11.16"]
[Round "2"]
[White "Papp,Ga"]
[Black "Zarkua,D"]
[Result "1/2-1/2"]
[WhiteElo "2375"]
[BlackElo "2178"]
[EventDate "2002.11.15"]

1. e4 c5 2. Nf3 d6 3. d4 Nf6 4. Nc3 cxd4 5. Nxd4 a6 6. Be3 e6 7. f3 b5 8.
Qd2 Nbd7 9. g4 h6 10. O-O-O Ne5 11. Bd3 Nfd7 12. Rhg1 Qc7 13. Kb1 Bb7 14.
h4 Nc4 15. Bxc4 Qxc4 16. g5 hxg5 17. hxg5 g6 18. Rh1 Rxh1 19. Rxh1 b4 20.
Na4 e5 21. b3 Qc7 22. Ne2 Rc8 23. Rc1 Bc6 24. Nb2 Qb7 25. c4 a5 26. Nd3 Rd8
27. Rh1 a4 28. Rh8 axb3 29. axb3 Ra8 30. Nec1 Rb8 31. Na2 Qa8 32. Ndxb4 Qa3
33. Qb2 Qa8 34. Nxc6 Qxc6 35. Nc3 Nb6 36. Nb5 Kd7 37. Qc3 Nxc4 38. Qxc4
Qxb5 39. Qxb5+ Rxb5 40. Rxf8 Rxb3+ 41. Kc2 Rxe3 42. Rxf7+ Ke6 43. Rf6+ Ke7
44. Kd2 Rb3 45. Ke2 Rb2+ 46. Kf1 Rd2 47. Rxg6 d5 48. exd5 Rxd5 49. Ke2 Rd4
50. Ra6 Rf4 51. Ke3 Rf5 52. g6 Rg5 53. Ke4 Kf8 54. Re6 Kg7 55. Re7+ Kxg6
56. Rxe5 Rg1 57. Kf4 Ra1 58. Re6+ Kf7 59. Rb6 Ra5 60. Kg4 Re5 61. f4 Ra5
62. Rb7+ Kf6 63. Rh7 Kg6 64. Rh8 Kf6 65. Rg8 Rc5 66. Rf8+ Kg6 67. Ra8 Kf6
68. Ra6+ Kf7 69. f5 Rc1 70. Kg5 Rg1+ 1/2-1/2

[Event "WYb16"]
[Site "Heraklio GRE"]
[Date "2002.11.16"]
[Round "2"]
[White "Suaibi,D"]
[Black "Smirnov,I UKR"]
[Result "0-1"]
[WhiteElo "2193"]
[BlackElo "2365"]
[EventDate "2002.11.15"]

1. Nf3 Nf6 2. g3 d5 3. c4 e6 4. b3 Be7 5. Bb2 O-O 6. Bg2 b6 7. O-O Bb7 8.
d3 c5 9. e3 Nc6 10. Nbd2 Qd7 11. d4 cxd4 12. Nxd4 Nxd4 13. Bxd4 Rfd8 14.
Qe2 dxc4 15. Bxb7 Qxb7 16. Nxc4 b5 17. Ne5 a6 18. Rac1 Rac8 19. a4 Qd5 20.
axb5 axb5 21. Rfd1 Qxb3 22. Rb1 Qc2 23. Qxc2 Rxc2 24. Rxb5 Ne4 25. Rf1 Nd2
26. Rd1 f6 27. Nc6 Rxc6 28. Rxd2 e5 29. Rb7 Kf8 30. Bc5 Rxc5 0-1

[Event "WYb16"]
[Site "Heraklio GRE"]
[Date "2002.11.17"]
[Round "3"]
[White "Pantsulaia,L"]
[Black "Friedel,J"]
[Result "1/2-1/2"]
[WhiteElo "2450"]
[BlackElo "2270"]
[EventDate "2002.11.15"]

1. d4 Nf6 2. c4 c5 3. d5 b5 4. Nf3 g6 5. a4 b4 6. g3 Bg7 7. Bg2 d6 8. O-O
O-O 9. Nbd2 Bb7 10. e4 e6 11. dxe6 fxe6 12. e5 dxe5 13. Nxe5 Bxg2 14. Kxg2
Nbd7 15. Qe2 Nxe5 16. Qxe5 Qb6 17. Nb3 Qc6+ 18. f3 Nd7 19. Qe2 Rae8 20. Be3
Rf5 21. Qc2 Ne5 22. Nd2 Rd8 23. Rad1 Rxd2+ 24. Qxd2 Nxf3 25. Qd8+ Bf8 26.
Rf2 Qe4 27. Bf4 g5 28. Rxf3 g4 29. Qd3 gxf3+ 30. Qxf3 Qc2+ 31. Rd2 Qxa4 32.
Qg4+ Kf7 33. Qh4 Qc6+ 34. Kg1 h5 35. Qd8 Qe4 36. Qd7+ Kg8 37. b3 Bg7 38.
Qe8+ Kh7 39. Rd7 Qe1+ 1/2-1/2

[Event "WYb16"]
[Site "Heraklio GRE"]
[Date "2002.11.17"]
[Round "3"]
[White "Filippov,A"]
[Black "Pixton,A"]
[Result "1/2-1/2"]
[WhiteElo "2292"]
[BlackElo "2443"]
[EventDate "2002.11.15"]

1. e4 c5 2. Nf3 d6 3. d4 cxd4 4. Nxd4 Nf6 5. Nc3 g6 6. g3 Bg7 7. Bg2 O-O 8.
O-O Nc6 9. Nde2 Bd7 10. b3 Qa5 11. Bb2 b5 12. Qc1 Rac8 13. a3 Qb6 14. h3 a5
15. Nf4 e6 16. Qd2 Rfd8 17. Rad1 Be8 18. Qc1 Ne5 19. Nce2 Bc6 20. Bd4 Qb7
21. f3 Nxf3+ 22. Bxf3 e5 23. Ba1 exf4 24. Qxf4 Qe7 25. Nc3 b4 26. axb4 axb4
27. Nd5 Bxd5 28. exd5 Nd7 29. Bxg7 Kxg7 30. Rd2 Rb8 31. Rd4 Rdc8 32. Rf2
Qe1+ 33. Kg2 Ne5 34. Bg4 Rd8 35. Re4 Qc3 36. Qf6+ Kg8 37. Be6 fxe6 38.
Qxe6+ Kh8 39. Qf6+ Kg8 40. Qe6+ Kh8 41. Qf6+ Kg8 42. Qe6+ 1/2-1/2

[Event "WYb16"]
[Site "Heraklio GRE"]
[Date "2002.11.17"]
[Round "3"]
[White "Gerzhoy,L"]
[Black "Davidov,S"]
[Result "1/2-1/2"]
[WhiteElo "2389"]
[BlackElo "2254"]
[EventDate "2002.11.15"]

1. d4 d5 2. c4 e6 3. Nf3 c6 4. g3 Nf6 5. Bg2 Be7 6. O-O O-O 7. Qc2 Nbd7 8.
Rd1 Ne4 9. b3 f5 10. Bb2 f4 11. Nbd2 Ndf6 12. Rf1 fxg3 13. hxg3 Qe8 14.
Nxe4 Nxe4 15. Ne5 Nf6 16. Bf3 Bd6 17. Kg2 Bd7 18. Rh1 Bxe5 19. dxe5 Ne4 20.
Bxe4 dxe4 21. Qxe4 Rf5 22. g4 c5 23. f3 Bc6 24. Qe3 Qg6 25. Kh2 Raf8 26.
Raf1 Rg5 27. Bc1 Rgf5 28. Rhg1 R5f7 29. Qxc5 Qc2 30. Rf2 Qxa2 31. Qe3 a5
32. Kg3 a4 33. bxa4 Qxc4 34. a5 Rd8 35. Ba3 Rd5 36. Bd6 Rxa5 37. Rh1 Rb5
38. Qg5 Be8 39. Rfh2 Rb3 40. Rxh7 Rfxf3+ 41. exf3 Rxf3+ 42. Kxf3 Bc6+ 43.
Kf2 Qc2+ 44. Ke1 Qb1+ 45. Ke2 Bb5+ 46. Kf2 Qc2+ 47. Kg3 Qd3+ 48. Kf2 Qc2+
49. Kg3 Qd3+ 1/2-1/2

[Event "WYb16"]
[Site "Heraklio GRE"]
[Date "2002.11.17"]
[Round "3"]
[White "Kuljasevic,D"]
[Black "Arngrimsson,D"]
[Result "1/2-1/2"]
[WhiteElo "2381"]
[BlackElo "2184"]
[EventDate "2002.11.15"]

1. d4 d5 2. c4 e6 3. Nc3 Nf6 4. cxd5 exd5 5. Bg5 Be7 6. e3 O-O 7. Qc2 c6 8.
Bd3 Nbd7 9. Nf3 Re8 10. O-O Nf8 11. h3 Be6 12. Ne5 N6d7 13. Bxe7 Qxe7 14.
f4 f6 15. Nf3 c5 16. Qf2 a6 17. Rae1 Qd6 18. f5 Bf7 19. Ne2 b5 20. g4 b4
21. Kh1 a5 22. Rg1 a4 23. g5 Bh5 24. Nf4 Bxf3+ 25. Qxf3 c4 26. Bb1 Ra5 27.
Nh5 Re7 28. Qg2 Ra7 29. Nf4 Ra5 30. Re2 fxg5 31. Qxg5 Nf6 32. Ne6 Ne8 33.
Nxf8 Kxf8 34. f6 Qxf6 35. Qg3 Rf7 36. Bxh7 Qf3+ 37. Qxf3 Rxf3 38. Kg2 Rf6
39. Bb1 Nd6 40. Rc1 Ra7 41. e4 dxe4 42. Bxe4 Re7 43. Bf3 Rxe2+ 44. Bxe2 c3
45. bxc3 Ne4 46. Bf3 Nxc3 47. a3 Nb5 48. axb4 Nxd4 49. Ba8 Ne2 50. Rc8+ Ke7
51. Be4 Nf4+ 1/2-1/2

[Event "WYb16"]
[Site "Heraklio GRE"]
[Date "2002.11.17"]
[Round "3"]
[White "Bordi,K"]
[Black "Stellwagen,D"]
[Result "1/2-1/2"]
[WhiteElo "2187"]
[BlackElo "2426"]
[EventDate "2002.11.15"]

1. e4 c5 2. Nf3 e6 3. b3 d5 4. Bb5+ Bd7 5. Bxd7+ Nxd7 6. exd5 exd5 7. O-O
Be7 8. Re1 Ngf6 9. Qe2 Rc8 10. d4 Rc6 11. dxc5 Re6 12. Qb5 Rxe1+ 13. Nxe1
O-O 14. b4 b6 15. Nd3 bxc5 16. bxc5 a6 17. Qxa6 Nxc5 18. Qb5 Nfe4 19. Ba3
Nxd3 20. cxd3 Nxf2 21. Bb2 Nxd3 22. Bd4 Ne1 23. Qb2 Nd3 24. Qb5 Nf4 25. Nc3
Bf6 26. Rd1 Bxd4+ 27. Rxd4 Qc7 28. Nxd5 Qc1+ 29. Kf2 Qc2+ 30. Kf3 Nxd5 31.
Qxd5 Re8 1/2-1/2

[Event "WYb16"]
[Site "Heraklio GRE"]
[Date "2002.11.17"]
[Round "3"]
[White "Zeleny,T"]
[Black "Papp,Ga"]
[Result "0-1"]
[WhiteElo "2154"]
[BlackElo "2375"]
[EventDate "2002.11.15"]

1. e4 c5 2. c3 g6 3. d4 Qc7 4. Be3 d6 5. f3 Nd7 6. Bd3 Bg7 7. Ne2 Ngf6 8.
O-O O-O 9. Nd2 a6 10. a4 b6 11. Qe1 Rb8 12. b4 a5 13. bxa5 bxa5 14. Bb5 Ra8
15. Rb1 Ba6 16. Qg3 Bxb5 17. axb5 Rfb8 18. Rfc1 a4 19. Rc2 cxd4 20. Nxd4
Ne5 21. c4 Rb7 22. h3 Nfd7 23. f4 Nd3 24. Nc6 N7c5 25. Bd4 Bxd4+ 26. Nxd4
Qb6 27. Kh2 Nxf4 28. Nc6 e5 29. Qh4 Nce6 30. Nf3 Kg7 31. Rf1 Qe3 32. Ng5
Nxg5 33. Qxg5 Qxe4 34. Rcf2 a3 35. Rxf4 exf4 36. Rxf4 Qe6 37. Rh4 f6 38.
Qh6+ Kg8 39. Qc1 a2 40. Qa1 d5 41. Rf4 Rf7 42. cxd5 Qd6 43. g3 Qxd5 44.
Rxf6 Qd2+ 0-1

[Event "WYb16"]
[Site "Heraklio GRE"]
[Date "2002.11.17"]
[Round "3"]
[White "Meszaros,Mi"]
[Black "Choma,E"]
[Result "1/2-1/2"]
[WhiteElo "2327"]
[BlackElo "2227"]
[EventDate "2002.11.15"]

1. e4 c5 2. Nf3 e6 3. d4 cxd4 4. Nxd4 Nf6 5. Nc3 Nc6 6. Ndb5 d6 7. Bf4 e5
8. Bg5 a6 9. Na3 b5 10. Nd5 Be7 11. Bxf6 Bxf6 12. c3 O-O 13. Nc2 Rb8 14. h4
Be7 15. Nce3 Be6 16. g3 Qd7 17. Qd2 a5 18. Bg2 Bd8 19. O-O Ne7 20. Kh2 Bb6
21. Nxe7+ Qxe7 22. Nd5 Qd7 23. Rad1 b4 24. f4 bxc3 25. Nxc3 exf4 26. Rxf4
Bc5 27. Nd5 Qb5 28. b3 Bxd5 29. Qxd5 Qb7 30. Qh5 Qe7 31. Rd5 f6 32. Qf3 a4
33. Bf1 Kh8 34. Bc4 axb3 35. axb3 Ra8 36. Qe2 Qa7 37. Rf1 Qa2 38. Rfd1
Qxe2+ 39. Bxe2 Ra2 1/2-1/2